书目信息 |
| 题名: |
异氰酸脂
|
|
| 作者: | 赵辉 , 李国平 , 刘玉海 编著 | |
| 分册: | ||
| 出版信息: | 北京 化学工业出版社材料科学与工程出版中心 2004.03 |
|
| 页数: | 328页 | |
| 开本: | 24cm | |
| 丛书名: | ||
| 单 册: | ||
| 中图分类: | O633.4 | |
| 科图分类: | ||
| 主题词: | 异氰酸脂 | |
| 电子资源: | ||
| ISBN: | 7-5025-5122-0 | |
| 000 | 00984nam0 2200253 450 | |
| 001 | 0137651046 | |
| 005 | 20050205153457.03 | |
| 010 | @a7-5025-5122-0@dCNY45.00 | |
| 100 | @a20041118d2004 km y0chiy0120 ea | |
| 101 | 0 | @achi |
| 102 | @aCN@b110000 | |
| 105 | @ay a 000yy | |
| 200 | 1 | @a异氰酸脂@Ayi qing suan zhi@f刘玉海, 赵辉, 李国平等编著@Fliu yu hai,zhao hui,li guo ping deng bian zhu |
| 210 | @a北京@c化学工业出版社材料科学与工程出版中心@d2004.03 | |
| 215 | @a328页@c图@d24cm | |
| 320 | @a有书目 (第324-328页)。 | |
| 330 | @a本书共分7章。第1章介绍国内外异氰酸脂的发展概况;第2章介绍脂肪族异氰酸脂的合成;第3章介绍芳香族二异氰酸脂的合成;第4章介绍其他结构异氰酸脂合成;第5章介绍封闭异氰酸脂;第6章介绍异氰酸脂的化学反应;第7章介绍异氰酸脂的化学反应。 | |
| 606 | 0 | @a异氰酸脂 |
| 690 | @aO633.4@v4 | |
| 701 | 0 | @a赵辉@Azhao hui@4编著 |
| 701 | 0 | @a李国平@Ali guo ping@4编著 |
| 701 | 0 | @a刘玉海@Aliu yu hai@4编著 |
| 801 | 0 | @aCN@bRULIN@c20050205 |
| 905 | @a10447@dO633.4@eL710 | |
| 异氰酸脂/刘玉海, 赵辉, 李国平等编著.-北京:化学工业出版社材料科学与工程出版中心,2004.03 |
| 328页:图;24cm |
| ISBN 7-5025-5122-0:CNY45.00 |
| 本书共分7章。第1章介绍国内外异氰酸脂的发展概况;第2章介绍脂肪族异氰酸脂的合成;第3章介绍芳香族二异氰酸脂的合成;第4章介绍其他结构异氰酸脂合成;第5章介绍封闭异氰酸脂;第6章介绍异氰酸脂的化学反应;第7章介绍异氰酸脂的化学反应。 |
| ● |
| 相关链接 |
|
|
|
正题名:异氰酸脂
索取号:O633.4/L710
 
预约/预借
| 序号 | 登录号 | 条形码 | 馆藏地/架位号 | 状态 | 备注 |
| 1 | 521716 | 205217166 | 自科库401/401自科库 93排2列5层/ [索取号:O633.4/L710] | 在馆 | |
| 2 | 521717 | 205217175 | 自科库401/401自科库 93排2列5层/ [索取号:O633.4/L710] | 在馆 |